[Event "Berisso Manrique op 6th"]
[Site "Berisso"]
[Date "2019.08.19"]
[Round "6.3"]
[White "Pasini, Ariel"]
[Black "Cespedes, Juan"]
[Result "1-0"]
[WhiteElo "1783"]
[BlackElo "1713"]
[PlyCount "45"]
[EventDate "2019.08.15"]
[EventType "swiss"]
[EventRounds "6"]
[EventCountry "ARG"]
[SourceTitle "EXT 2024"]
[Source "ChessBase"]
[SourceDate "2023.10.10"]
[SourceVersion "1"]
[SourceVersionDate "2023.10.10"]
[SourceQuality "1"]

1. e4 g6 2. d4 Bg7 3. Nc3 d6 4. f4 Nf6 5. Nf3 0-0 6. Bd3 c5 7. d5 Nbd7 8. 0-0 a6 9. a4 Rb8 10. h3 b5 11. axb5 axb5 12. Nxb5 Nxe4 13. Re1 Nef6 14. c4 Nb6 15. Qe2 Re8 16. g4 Bd7 17. f5 Bxb5 18. fxg6 hxg6 19. cxb5 Nbxd5 20. Ng5 Nb4 21. Nxf7 Kxf7 22. Qe6+ Kf8 23. Bxg6 1-0

[Event "Berisso Manrique op 6th"]
[Site "Berisso"]
[Date "2019.08.17"]
[Round "3.2"]
[White "Pasini, Ariel"]
[Black "Guzman, Ezequiel"]
[Result "1-0"]
[WhiteElo "1783"]
[BlackElo "1841"]
[PlyCount "45"]
[EventDate "2019.08.15"]
[EventType "swiss"]
[EventRounds "6"]
[EventCountry "ARG"]
[SourceTitle "EXT 2024"]
[Source "ChessBase"]
[SourceDate "2023.10.10"]
[SourceVersion "1"]
[SourceVersionDate "2023.10.10"]
[SourceQuality "1"]

1. e4 e6 2. d4 d5 3. Nc3 Nf6 4. e5 Nfd7 5. f4 c5 6. Nf3 Nc6 7. Be3 cxd4 8. Nxd4 Bc5 9. Qd2 Qe7 10. 0-0-0 a6 11. h4 Nxd4 12. Bxd4 b5 13. Rh3 Nb8 14. Bxc5 Qxc5 15. Ne4 Qc7 16. Nd6+ Kf8 17. Qb4 Qe7 18. Rc3 Bd7 19. Qc5 Nc6 20. Qb6 Rb8 21. Qc7 Qd8 22. Rxc6 Bxc6 23. Qxf7# 1-0

[Event "La Plata Spring op"]
[Site "La Plata"]
[Date "2018.09.18"]
[Round "5.5"]
[White "Nomdedeu, Patricio"]
[Black "Pasini, Ariel"]
[Result "1-0"]
[WhiteElo "1723"]
[BlackElo "1814"]
[PlyCount "105"]
[EventDate "2018.09.11"]
[EventType "swiss"]
[EventRounds "7"]
[EventCountry "ARG"]
[SourceTitle "EXT 2024"]
[Source "ChessBase"]
[SourceDate "2023.10.10"]
[SourceVersion "1"]
[SourceVersionDate "2023.10.10"]
[SourceQuality "1"]

1. Nf3 Nf6 2. d4 e6 3. c4 Bb4+ 4. Bd2 Be7 5. Nc3 d5 6. e3 c6 7. Bd3 0-0 8. 0-0 dxc4 9. Bxc4 c5 10. a3 cxd4 11. Nxd4 e5 12. Nf3 e4 13. Ng5 Qc7 14. Be2 Bf5 15. Nb5 Qb6 16. Nd4 Bg6 17. Qc2 Nbd7 18. Rac1 h6 19. Nh3 Rac8 20. Qxc8 Rxc8 21. Rxc8+ Kh7 22. b4 Bd6 23. f4 exf3 24. gxf3 Be5 25. Rc4 Qd6 26. f4 Bxd4 27. Rxd4 Qe6 28. f5 Bxf5 29. Rxf5 Ne4 30. Rf3 Qg4+ 31. Kf1 Ne5 32. Nf2 Nxd2+ 33. Rxd2 Qc8 34. Bd3+ g6 35. Rf4 Qc1+ 36. Ke2 Qxa3 37. Ng4 Nxd3 38. Rxd3 Qa2+ 39. Rd2 Qa6+ 40. Kf2 Qe6 41. Nf6+ Kg7 42. Rd8 h5 43. Rg8+ Kh6 44. Rh8+ Kg7 45. Rh7+ Kf8 46. Rh8+ Kg7 47. Rg8+ Kh6 48. Ne8 Qh3 49. Rh8+ Kg5 50. Nf6 Qxh2+ 51. Ke1 Qg1+ 52. Kd2 Qg2+ 53. Kd3 1-0